000 00601nam a2200253 a 4500
001 nice12345678
003 IN_TiNIC
005 20260116013035.0
008 050524s1993 dela grp 000 0 eng
020 _a
_c350
082 0 0 _a297.821
_bENG
100 _aEngineer, Asghar Ali
245 _aBohras
260 _aDelhi
_bVikas Pub House Pvt. Ltd.
_c1993
300 _a335p
500 _aincludes index and biblioraphy
505 2 _aIndex
650 _aShiah-Taqiiyyah
650 _aBohras-Islam
700 1 _aEngineer, Asghar Ali
902 _bSRS
942 _cBK
999 _c9394
_d9394